Petroleum chemistry and refining /

Bibliographic Details
Other Authors: Speight, James G.
Format: Book
Language:English
Published: Washington, DC : Taylor & Francis, [1998]
Series:Applied energy technology series.
Subjects:

MARC

Tag First Indicator Second Indicator Subfields
LEADER 00000cam a2200000 a 4500
001 in00001406892
005 20151020073011.0
008 970507s1998 dcua b 001 0 eng
010 |a  97017306  
020 |a 1560325879 (alk. paper) 
035 |a (OCoLC)ocm36900827 
040 |a DLC  |c DLC  |d OCL  |d UtOrBLW 
049 |a TXAM 
050 0 0 |a TP690  |b .P446 1998 
082 0 0 |a 665.5  |2 21 
245 0 0 |a Petroleum chemistry and refining /  |c edited by James G. Speight. 
264 1 |a Washington, DC :  |b Taylor & Francis,  |c [1998] 
264 4 |c ©1998 
300 |a xiv, 273 pages :  |b illustrations ;  |c 24 cm. 
336 |a text  |b txt  |2 rdacontent 
337 |a unmediated  |b n  |2 rdamedia 
338 |a volume  |b nc  |2 rdacarrier 
490 1 |a Applied energy technology series 
504 |a Includes bibliographical references and index. 
650 0 |a Petroleum  |x Refining. 
650 0 |a Petroleum chemicals. 
700 1 |a Speight, James G. 
830 0 |a Applied energy technology series. 
945 |a PromptCat 
946 |a qatar 
947 |a Q14800018806 
948 |a c:cer 
994 |a 92  |b TXA 
999 |a MARS 
999 f f |s 8b2d0508-9fa5-391c-938b-336e6295ec18  |i dc2bdd59-b3fb-3a91-b032-b72aa0117703  |t 0 
952 f f |p normal  |a Texas A&M University  |b College Station  |c Sterling C. Evans Library  |d Evans: Library Stacks  |t 0  |e TP690 .P446 1998  |h Library of Congress classification  |i unmediated -- volume  |m A14822563974 
998 f f |a TP690 .P446 1998  |t 0  |l Evans: Library Stacks